[Event "Heusenstamm Schloss op"]
[Site "Heusenstamm"]
[Date "2022.11.19"]
[Round "5"]
[White "Peter, Laurenz"]
[Black "Minor, Dieter"]
[Result "1-0"]
[WhiteElo "1851"]
[BlackElo "1817"]
[PlyCount "67"]
[EventDate "2022.11.17"]
[EventType "swiss"]
[EventRounds "7"]
[EventCountry "GER"]
[SourceTitle "CBM 212 Extra"]
[Source "ChessBase"]
[SourceDate "2023.03.31"]
[SourceVersion "1"]
[SourceVersionDate "2023.03.31"]
[SourceQuality "1"]

1. d4 d5 2. Nf3 Nf6 3. c4 c6 4. g3 Bf5 5. Bg2 e6 6. 0-0 Be7 7. Nc3 0-0 8. Nd2 Nbd7 9. e4 dxe4 10. Ndxe4 Nxe4 11. Bxe4 Bxe4 12. Nxe4 Nf6 13. Nc3 Qc7 14. Qe2 Rad8 15. Rd1 Qa5 16. a3 Qf5 17. b4 Qh3 18. Bf4 Nh5 19. Be3 f5 20. f4 Nxg3 21. hxg3 Qxg3+ 22. Kf1 Bh4 23. Rd3 Bf6 24. Rad1 Qg6 25. Bf2 Be7 26. d5 Kf7 27. Qxe6+ Qxe6 28. dxe6+ Kxe6 29. Rxd8 Bxd8 30. Bc5 Rg8 31. Rd6+ Kf7 32. Rd7+ Kg6 33. Rxb7 Bh4 34. Rxa7 1-0

[Event "Maastricht Limburg op-B 7th"]
[Site "Maastricht"]
[Date "2013.05.19"]
[Round "4"]
[White "Peter, Laurenz"]
[Black "Gruschinski, Marc"]
[Result "1/2-1/2"]
[WhiteElo "1862"]
[BlackElo "1684"]
[PlyCount "66"]
[EventDate "2013.05.17"]
[EventType "swiss"]
[EventRounds "7"]
[EventCountry "NED"]
[SourceTitle "EXT 2014"]
[Source "ChessBase"]
[SourceDate "2013.11.20"]
[SourceVersion "1"]
[SourceVersionDate "2013.11.20"]
[SourceQuality "1"]

1. d4 Nf6 2. c4 Nc6 3. Nf3 e6 4. g3 Bb4+ 5. Bd2 a5 6. Nc3 0-0 7. Bg2 d6 8. a3 Bxc3 9. Bxc3 Ne7 10. Qc2 Ng6 11. 0-0 Bd7 12. b4 axb4 13. axb4 Rxa1 14. Rxa1 Bc6 15. b5 Be4 16. Qa2 h5 17. h4 Ng4 18. Bh3 Bf5 19. Nd2 Nxh4 20. Bxg4 Bxg4 21. gxh4 Bxe2 22. Nf1 Bd3 23. Rd1 Be4 24. Qe2 Qxh4 25. Ng3 f5 26. Qxh5 Qxh5 27. Nxh5 Bf3 28. Re1 Bxh5 29. Rxe6 Re8 30. Rxe8+ Bxe8 31. f4 Kf7 32. Kf2 Kg6 33. d5 c6 1/2-1/2

[Event "Maastricht Limburg op-B 6th"]
[Site "Maastricht"]
[Date "2012.05.28"]
[Round "6"]
[White "Yue, Tim"]
[Black "Peter, Laurenz"]
[Result "0-1"]
[WhiteElo "1931"]
[BlackElo "1880"]
[PlyCount "50"]
[EventDate "2012.05.25"]
[EventType "swiss"]
[EventRounds "7"]
[EventCountry "NED"]
[SourceTitle "EXT 2013"]
[Source "ChessBase"]
[SourceDate "2012.11.22"]
[SourceVersion "1"]
[SourceVersionDate "2012.11.22"]
[SourceQuality "1"]

1. e4 c5 2. Nf3 e6 3. d4 cxd4 4. Nxd4 a6 5. Be2 Nf6 6. Bg5 Qc7 7. Qd3 Nc6 8. c3 b5 9. Nd2 Bb7 10. 0-0 Be7 11. f4 d6 12. Bf3 Qb6 13. Kh1 0-0 14. g4 Rfd8 15. Rg1 h6 16. Bh4 Ne5 17. Qe2 Nxf3 18. Qxf3 Nxe4 19. Nxe4 Bxh4 20. g5 Bf2 21. gxh6 Bxg1 22. Rxg1 g6 23. Nxe6 Re8 24. f5 Qc6 25. fxg6 Qxe4 0-1

[Event "Solingen Karneval op"]
[Site "Solingen"]
[Date "2012.02.18"]
[Round "2"]
[White "Peter, Laurenz"]
[Black "Becker, Carsten1111"]
[Result "1-0"]
[WhiteElo "1826"]
[BlackElo "1559"]
[PlyCount "41"]
[EventDate "2012.02.17"]
[EventType "swiss"]
[EventRounds "5"]
[EventCountry "GER"]
[SourceTitle "EXT 2015"]
[Source "ChessBase"]
[SourceDate "2014.11.20"]
[SourceVersion "1"]
[SourceVersionDate "2014.11.20"]
[SourceQuality "1"]

1. d4 d5 2. Nf3 e6 3. c4 c5 4. cxd5 exd5 5. dxc5 Nc6 6. g3 Bxc5 7. Bg2 Nf6 8. 0-0 0-0 9. Qc2 Qb6 10. Nc3 Nb4 11. Qb3 d4 12. Na4 Qd6 13. Bf4 Qe7 14. Nxc5 Qxc5 15. Rac1 Qe7 16. Nxd4 Na6 17. Bf3 Nc5 18. Qa3 Nfe4 19. Bxe4 Qxe4 20. Qxc5 Bh3 21. f3 1-0

[Event "Goch op 22nd"]
[Site "Goch"]
[Date "2011.09.29"]
[Round "1"]
[White "Stuemer, Paul"]
[Black "Peter, Laurenz"]
[Result "1-0"]
[WhiteElo "2130"]
[BlackElo "1847"]
[PlyCount "31"]
[EventDate "2011.09.29"]
[EventType "swiss"]
[EventRounds "7"]
[EventCountry "GER"]
[SourceTitle "EXT 2014"]
[Source "ChessBase"]
[SourceDate "2013.11.20"]
[SourceVersion "1"]
[SourceVersionDate "2013.11.20"]
[SourceQuality "1"]

1. d4 d5 2. Nf3 Nf6 3. g3 e6 4. Bg2 b6 5. 0-0 Be7 6. c4 Bb7 7. Ne5 Nbd7 8. Nc3 0-0 9. Qa4 Qc8 10. Nxd7 Nxd7 11. cxd5 exd5 12. Nxd5 Bd6 13. Bf4 Re8 14. Bxd6 cxd6 15. Rac1 Qb8 16. Qxd7 1-0

[Event "GER-ch Net qual1 U18"]
[Site "Playchess.com INT"]
[Date "2011.05.01"]
[Round "1"]
[White "Miller, Eduard"]
[Black "Peter, Laurenz"]
[Result "1-0"]
[WhiteElo "2110"]
[BlackElo "1511"]
[PlyCount "123"]
[EventDate "2011.05.01"]
[EventType "swiss (blitz)"]
[EventRounds "7"]
[EventCountry "GER"]
[SourceTitle "CBM 142 Extra"]
[Source "ChessBase"]
[SourceDate "2011.06.27"]
[SourceVersion "1"]
[SourceVersionDate "2011.06.27"]
[SourceQuality "1"]

1. d4 Nf6 2. c4 g6 3. Nc3 d5 4. Bf4 Bg7 5. Nf3 0-0 6. Rc1 c5 7. dxc5 Qa5 8. cxd5 Qxc5 9. e4 e6 10. dxe6 Bxe6 11. Bd6 Qb6 12. Bxf8 Bxf8 13. Bd3 Qxb2 14. 0-0 Nc6 15. Qe2 Qb6 16. Rb1 Qc7 17. Nb5 Qd7 18. Rfd1 a6 19. Nc3 Qc7 20. e5 Ng4 21. Rbc1 Ngxe5 22. Nxe5 Qxe5 23. Qxe5 Nxe5 24. Be4 Rb8 25. Nd5 b5 26. Nc7 Bxa2 27. Nxa6 Rb6 28. Nc7 Kg7 29. Nd5 Rb8 30. g3 Bc4 31. Ne3 Be2 32. Rd2 Bf3 33. Bd5 Bb4 34. Rb2 Ba3 35. Rcb1 Bxb2 36. Rxb2 Bxd5 37. Nxd5 Nd3 38. Rb3 Nc1 39. Rb1 Nd3 40. Kf1 Ne5 41. f4 Nc4 42. Ke2 f5 43. Kd3 Nd6 44. Rb4 Kf7 45. Kd4 Ke6 46. Rb1 Rc8 47. Re1+ Kd7 48. Ke5 Kc6 49. Ne7+ Kc7 50. Nxc8 Nxc8 51. Rc1+ Kb7 52. Kf6 Nd6 53. Kg7 b4 54. Kxh7 Kb6 55. Kxg6 Kb5 56. h4 b3 57. h5 Kb4 58. h6 Ka3 59. h7 b2 60. Rb1 Ka2 61. Rxb2+ Kxb2 62. h8Q+ 1-0

[Event "GER-ch Net qual1 U18"]
[Site "Playchess.com INT"]
[Date "2011.05.01"]
[Round "2"]
[White "Peter, Laurenz"]
[Black "Braun, Lukas"]
[Result "0-1"]
[WhiteElo "1511"]
[BlackElo "1869"]
[PlyCount "50"]
[EventDate "2011.05.01"]
[EventType "swiss (blitz)"]
[EventRounds "7"]
[EventCountry "GER"]
[SourceTitle "CBM 142 Extra"]
[Source "ChessBase"]
[SourceDate "2011.06.27"]
[SourceVersion "1"]
[SourceVersionDate "2011.06.27"]
[SourceQuality "1"]

1. d4 Nf6 2. c4 c5 3. Nf3 cxd4 4. Nxd4 Nc6 5. g3 e6 6. Bg2 Qb6 7. Nxc6 bxc6 8. 0-0 d5 9. cxd5 cxd5 10. Qb3 Bd6 11. Qxb6 axb6 12. Be3 Bc5 13. Bxc5 bxc5 14. Nd2 Ba6 15. Rfe1 0-0 16. e3 Rfb8 17. b3 Kf8 18. Reb1 Bd3 19. Rb2 h6 20. a4 c4 21. bxc4 Rxb2 22. Nf3 Bxc4 23. Ne5 Ra2 24. Rb1 R2xa4 25. Rc1 Ra1 0-1

[Event "GER-ch Net qual1 U18"]
[Site "Playchess.com INT"]
[Date "2011.05.01"]
[Round "7"]
[White "Pfleger, Juergen"]
[Black "Peter, Laurenz"]
[Result "1-0"]
[WhiteElo "1830"]
[BlackElo "1511"]
[PlyCount "125"]
[EventDate "2011.05.01"]
[EventType "swiss (blitz)"]
[EventRounds "7"]
[EventCountry "GER"]
[SourceTitle "CBM 142 Extra"]
[Source "ChessBase"]
[SourceDate "2011.06.27"]
[SourceVersion "1"]
[SourceVersionDate "2011.06.27"]
[SourceQuality "1"]

1. c4 c6 2. d4 d5 3. cxd5 cxd5 4. g3 Nf6 5. Bg2 Bf5 6. Nc3 e6 7. Nf3 Bd6 8. 0-0 0-0 9. Bg5 Be7 10. Rc1 a6 11. Qb3 b5 12. a4 bxa4 13. Nxa4 Nbd7 14. Nh4 Bg6 15. Nxg6 hxg6 16. Qd3 Nb6 17. Nc5 Bxc5 18. dxc5 Nbd7 19. c6 Nb6 20. c7 Qd7 21. Rc2 Rfc8 22. Rfc1 Ra7 23. Be3 Rb7 24. Qxa6 Rcxc7 25. Rxc7 Rxc7 26. Qxb6 Rxc1+ 27. Bxc1 Qc8 28. Be3 Ng4 29. Qc5 Qa8 30. h3 Qa1+ 31. Bf1 Nh2 32. Kxh2 Qxf1 33. Qc8+ Kh7 34. Qf8 g5 35. Bd4 f6 36. Qf7 g4 37. Qh5+ Kg8 38. Qxg4 e5 39. Qe6+ Kh7 40. Qf5+ Kg8 41. Be3 d4 42. Bd2 Qxe2 43. Qe6+ Kh7 44. Qf5+ Kg8 45. Qc8+ Kh7 46. Qc2+ Kg8 47. Kg2 e4 48. b3 Qf3+ 49. Kg1 d3 50. Qc4+ Kh7 51. Qc1 g5 52. b4 g4 53. h4 Qf5 54. Qc7+ Kg6 55. Qf4 Qd5 56. Qxg4+ Kf7 57. Qf4 Qb3 58. Kg2 Qc4 59. h5 Qd5 60. h6 Qc4 61. h7 Kg7 62. Qh4 e3 63. Qxc4 1-0

[Event "GER-ch Net qual3 U14"]
[Site "Playchess.com INT"]
[Date "2009.05.17"]
[Round "3"]
[White "Funk, Moritz"]
[Black "Peter, Laurenz"]
[Result "1-0"]
[WhiteElo "1465"]
[BlackElo "1275"]
[PlyCount "37"]
[EventDate "2009.05.17"]
[EventType "swiss (blitz)"]
[EventRounds "7"]
[EventCountry "GER"]
[SourceTitle "CBM 130 Extra"]
[Source "ChessBase"]
[SourceDate "2009.07.02"]
[SourceVersion "2"]
[SourceVersionDate "2009.07.15"]
[SourceQuality "1"]

1. e4 c5 2. Nc3 Nc6 3. Bc4 Nf6 4. d3 e6 5. f4 a6 6. Nf3 g6 7. 0-0 Bg7 8. Qe1 0-0 9. f5 Na5 10. Bg5 Nxc4 11. dxc4 Qc7 12. e5 Ng4 13. f6 Bxf6 14. Bxf6 Nxf6 15. exf6 Qd6 16. Qh4 Qd4+ 17. Nxd4 cxd4 18. Qh6 Kh8 19. Qg7# 1-0

[Event "GER-ch Net qual3 U14"]
[Site "Playchess.com INT"]
[Date "2009.05.17"]
[Round "2"]
[White "Peter, Laurenz"]
[Black "Golosnyak, Alexander"]
[Result "0-1"]
[WhiteElo "1275"]
[BlackElo "1462"]
[PlyCount "154"]
[EventDate "2009.05.17"]
[EventType "swiss (blitz)"]
[EventRounds "7"]
[EventCountry "GER"]
[SourceTitle "CBM 130 Extra"]
[Source "ChessBase"]
[SourceDate "2009.07.02"]
[SourceVersion "2"]
[SourceVersionDate "2009.07.15"]
[SourceQuality "1"]

1. d4 d5 2. c4 e6 3. Nc3 Nf6 4. Bg5 Nbd7 5. cxd5 exd5 6. Nxd5 Nxd5 7. Bxd8 Bb4+ 8. Qd2 Bxd2+ 9. Kxd2 Kxd8 10. e3 N7f6 11. Bc4 Be6 12. Nf3 Ke7 13. Ne5 Nd7 14. Rac1 Nxe5 15. dxe5 Rad8 16. Ke2 Rhe8 17. Bxd5 Bxd5 18. Rxc7+ Kf8 19. f3 Bc6 20. a3 Rxe5 21. e4 Rc5 22. Ke3 Ke8 23. b4 Rc3+ 24. Kf4 a6 25. a4 Rb3 26. b5 axb5 27. axb5 Rxb5 28. Rc1 g5+ 29. Kg3 h6 30. R7xc6 bxc6 31. Rxc6 Ke7 32. Rxh6 Rd6 33. Rh5 Rg6 34. Kg4 Rb8 35. Rxg5 Rxg5+ 36. Kxg5 Rg8+ 37. Kf4 Rxg2 38. h4 Rh2 39. Kg5 Rg2+ 40. Kf4 Kf6 41. e5+ Kg6 42. Ke4 Kh5 43. f4 Kxh4 44. f5 Rg4+ 45. Kd5 Kg5 46. e6 fxe6+ 47. fxe6 Kf6 48. Kd6 Re4 49. e7 Rxe7 50. Kd5 Re8 51. Kd6 Rd8+ 52. Kc7 Rd1 53. Kc6 Ke6 54. Kc5 Rd8 55. Kc4 Ke5 56. Kc3 Ke4 57. Kc2 Ke3 58. Kc1 Ke2 59. Kb2 Rc8 60. Kb3 Kd2 61. Kb4 Kd3 62. Kb5 Kd4 63. Kb6 Kd5 64. Kb7 Rc1 65. Kb6 Rc2 66. Kb7 Kd6 67. Kb8 Kd7 68. Ka7 Rb2 69. Ka6 Kc7 70. Ka5 Kc6 71. Ka4 Kc5 72. Ka3 Rb8 73. Ka4 Rb7 74. Ka3 Kc4 75. Ka2 Kc3 76. Ka1 Kc2 77. Ka2 Ra7# 0-1